| 000 | 00857nas a2200289 4500 | ||
|---|---|---|---|
| 001 | BR9801380 | ||
| 003 | BR-BrBNA | ||
| 005 | 20231205100934.0 | ||
| 007 | ta | ||
| 008 | 230509b bl.|||p| |||| 00| 00por d | ||
| 040 |
_aBR-BrBNA _bpor _cBiblioteca Nacional de Agricultura |
||
| 041 | _a(Pt) | ||
| 072 | _aL70 | ||
| 100 | 1 | _aEurides, D. | |
| 100 | 1 | _aPassos, G.S. | |
| 100 | 1 | _aHardt, G.G. | |
| 100 | 1 | _aChaves, N.S.T. | |
| 100 | 1 | _aSilva, L.A.F. da | |
| 100 | 1 | _aFioravante, M.C.S. | |
| 245 | 1 | _aPreparo de rufioes carneiros pela retroflexao do penis | |
| 650 | _aCarneiro | ||
| 650 | _aRufiao | ||
| 650 | _aCirurgia | ||
| 773 | 0 |
_tRevista da Faculdade de Zootecnia, Veterinaria e Agronomia (Brazil) _xISSN 0104-4257 _g(Jan-Dec 1995-1996), v. 2-3(1) p. 65-69 _wBR9801380 |
|
| 909 |
_a202311 _bLúcia _c55 _dLúcia Elande |
||
| 942 |
_2AGRIS _n0 _cANA |
||
| 999 |
_c158898 _d158898 |
||